LEADER 01397nas 2200457-a 450 001 996217756103316 005 20221206161047.0 011 $a1347-3913 035 $a(OCoLC)56332436 035 $a(CKB)1000000000000011 035 $a(CONSER)--2004210826 035 $a(DE-599)ZDB2152059-8 035 $a(EXLCZ)991000000000000011 100 $a20040823a20039999 s-- - 101 0 $aeng 135 $aurcnu|||||||| 181 $ctxt$2rdacontent 182 $cc$2rdamedia 183 $acr$2rdacarrier 200 10$aJournal of advanced concrete technology 210 $aTokyo $cJapan Concrete Institute$d2003- 300 $aRefereed/Peer-reviewed 300 $aTitle from publisher's Web site: (viewed Aug. 23, 2004). 311 $a1346-8014 531 $aJ ADV CONCR TECHNOL 531 $aJ. ADV. CONCR. TECHNOL 606 $aConcrete$vPeriodicals 606 $aConcrete$xResearch$zJapan$vPeriodicals 606 $aConcrete$2fast$3(OCoLC)fst00874126 606 $aConcrete$xResearch$2fast$3(OCoLC)fst00874212 607 $aJapan$2fast 608 $aPeriodicals.$2fast 615 0$aConcrete 615 0$aConcrete$xResearch 615 7$aConcrete. 615 7$aConcrete$xResearch. 712 02$aNihon Konkur?to K?gaku Ky?kai. 906 $aJOURNAL 912 $a996217756103316 996 $aJournal of advanced concrete technology$92080175 997 $aUNISA LEADER 02052nam 22004813 450 001 9910800125303321 005 20231120084506.0 010 $a9781438495507 010 $a1438495501 035 $a(MiAaPQ)EBC30562216 035 $a(Au-PeEL)EBL30562216 035 $a(OCoLC)1410592966 035 $a(NjHacI)9928880702500041 035 $a(CKB)28880702500041 035 $a(Perlego)4167320 035 $a(EXLCZ)9928880702500041 100 $a20231120d2023 uy 0 101 0 $aeng 135 $aurcnu|||||||| 181 $ctxt$2rdacontent 182 $cc$2rdamedia 183 $acr$2rdacarrier 200 10$aConfucian Iconoclasm $eTextual Authority, Modern Confucianism, and the Politics of Antitradition in Republican China 205 $a1st ed. 210 1$aAlbany :$cState University of New York Press,$d2023. 210 4$dİ2023. 215 $a1 online resource (289 pages) 225 1 $aSUNY Series in Chinese Philosophy and Culture Series 311 08$aPrint version: Confucian Iconoclasm Albany : State University of New York Press,c2023 9781438495491 327 $aIntroduction -- Chapter 1 Reviving the Spirit of Confucius -- Chapter 2 Returning to the Origin -- Interlude ContextualizingTeleological History and Individual Autonomy -- Chapter 3 Performing Sagely Authority -- Chapter 4 Subsuming the Truth of Former Masters and Sages -- Conclusion Hegemony and the Politics of Antitradition -- Notes Bibliography -- Index. 330 $aChallenges deep-seated assumptions about the traditionalist nature of Confucianism by providing a new interpretation of the emergence of modern Confucianism in Republican China. 410 0$aSUNY Series in Chinese Philosophy and Culture Series 606 $aConfucianism$zChina 615 0$aConfucianism 676 $a181.112 700 $aMajor$b Philippe$01736905 801 0$bMiAaPQ 801 1$bMiAaPQ 801 2$bMiAaPQ 906 $aBOOK 912 $a9910800125303321 996 $aConfucian Iconoclasm$94157710 997 $aUNINA